00675nam a2200205 a 4500008004100000020002300041100002600064245010600090260003000196300003900226504004200265500002000307650002800327650002600355650003900381700002200420003000100442005001700443040000900460  a0582227097 (pbk. )1 aJackson, Andrew R. W.10aEnvironmental science :bthe natural environment and human impact /cAndrew R. W. & Julie M. Jackson. aHarlow :bLongman,c1996. axx, 370 p. :bill., maps ;c25 cm. aIncludes bibliographical references.  aIncludes index. 0aEnvironmental sciences. 0aEnvironmental policy. 0aNaturexEffect of human beings on.1 aJackson, Julie M.20230123133259.0 cNUST